00391nam a2200145Ia 4500008004100000020001800041041000800059082001700067100001100084245007400095260002000169300002800189365001700217700001100234230718s9999 xx 000 0 und d a9781482215809 aeng a006.7'8bBAI aBai H. aZen Of CloudbLearning Cloud Computing By Examples On Microsoft Azure c2014bCRC Press a493dRef 105 IT (51270) cRs.b4086.00 aBai H.